000 00238nam a22001097a 4500
082 _a954/SHE
100 _aSingh,Bihari
_981410
245 _aKarma Dharma And Moksha
260 _aNew Delhi
_bSeva Books
650 _aReligions
942 _cBK
999 _c65410
_d65410